| 000 | 00590nam a2200169 i 4500 | ||
|---|---|---|---|
| 001 | 40022 | ||
| 003 | ES-MaACL | ||
| 005 | 20250819063035.0 | ||
| 007 | t| | ||
| 008 | 030304s1918 mx ||||1| spa d | ||
| 100 | 1 |
_aCarranza, Venustiano, _d1859-1920 _935508 |
|
| 245 | 1 | 0 |
_aInforme rendido por el presidente de la República... el día 1 de abril de 1918, al inaugurarse el periodo extraordinario de sesiones del Congeso de la Unión / _cVenustiano Carranza. |
| 260 |
_aMéxico : _b[s.n.], _c1918. |
||
| 300 | _a1 v. | ||
| 852 |
_aES-MaACL _j1584-F-17 |
||
| 999 |
_c40022 _d40022 |
||